| 000 | 00950nam a2200193 4500 | ||
|---|---|---|---|
| 005 | 20260210121719.0 | ||
| 008 | 260130b |||||||| |||| 00| 0 eng d | ||
| 020 | _a9781800920958 | ||
| 041 | _aEnglish | ||
| 082 |
_a746.1 _bTIL |
||
| 100 |
_aTillyer Kim _9216546 |
||
| 245 | _aBeginner's Guide to Cyanotype: Beautiful Projects to print With Light | ||
| 260 |
_bSearch Press _c2024 |
||
| 300 | _a112 | ||
| 365 |
_b1221.16 _cRs.00 |
||
| 520 | _aIntroduction • What Is Cyanotype? • Tools And Materials • Basic Technique The Projects. • Atkins-Style Greetings Card • Travel Journal • Topiary Garden Pop-Up Card • Trompe L'oeil Lace Purse • 'Picnic In The Woods' Cutlery Roll • 'Patchwork' Tote Bag • Fabric Night Lights • Portraits And Pictures • 'Hag Stone' Jewellery 'Toil And Trouble...' : When Things Go Wrong • Last Word • Templates | ||
| 650 | _aDyeing | ||
| 942 | _cBK | ||
| 999 |
_c370245 _d370245 |
||